000 00481nam a2200181Ia 4500
005 20250326130016.0
008 250326s9999 xx 000 0 und d
037 _aTextbook
040 _aFMSL
_beng
_cFMSL
041 _aeng
_2eng
084 _aX:321 N1
_qFMSL
100 _aH M S O
_9702719
245 0 _aConsumer credit report of the committee
_cH M S O
260 _aNY
_bNY, HMSO
_c1971
300 _a402p
942 _cTB
_hX:321 N1
999 _c1280545
_d1280545